|
|
|
|
| LEADER |
00000nam0a2200000 4500 |
| 001 |
349795 |
| 005 |
20231102010234.0 |
| 035 |
|
|
|a (RuTPU)RU\TPU\retro\2749
|
| 090 |
|
|
|a 349795
|
| 100 |
|
|
|a 20180903d1947 k y0rusy50 ca
|
| 101 |
0 |
|
|a rus
|
| 102 |
|
|
|a RU
|
| 105 |
|
|
|a a z 000zy
|
| 200 |
1 |
|
|a Повышение экономичности работы газопечных и котельных установок
|f Восточный научно-исследовательский институт топливоиспользования (ВНИИТ) ; под ред. А. В. Кавадерова
|
| 210 |
|
|
|a Свердловск
|a Москва
|c Металлургиздат
|d 1941
|
| 215 |
|
|
|a 265 с.
|c ил.
|
| 225 |
1 |
|
|a Сборник научно-исследовательских работ
|v Вып. 8
|
| 316 |
|
|
|5 63413507: КР-5746
|a На обложке и титульном листе владельческая подпись "Бутаков"
|
| 317 |
|
|
|5 63413507: КР-5746
|a Поступила в НТБ в 1970 г. в составе книжного собрания профессора ТПИ И. Н. Бутакова
|
| 606 |
1 |
|
|a Котельные установки
|x Эксплуатация
|x Теплоэнергетика
|2 stltpush
|3 (RuTPU)RU\TPU\subj\69608
|9 84379
|
| 610 |
1 |
|
|a газопечные установки
|
| 610 |
1 |
|
|a экономичность
|
| 610 |
1 |
|
|a топливо
|
| 610 |
1 |
|
|a уголь
|
| 610 |
1 |
|
|a расход топлива
|
| 610 |
1 |
|
|a рекуператоры
|
| 610 |
1 |
|
|a газовые горелки
|
| 610 |
1 |
|
|a угольная пыль
|
| 610 |
1 |
|
|a библиотека И. Н. Бутакова
|
| 610 |
1 |
|
|a владельческая надпись
|
| 675 |
|
|
|a 621.182.004
|v 4
|
| 702 |
|
1 |
|a Кавадеров
|b А. В.
|4 340
|
| 712 |
0 |
2 |
|a Восточный научно-исследовательский институт топливоиспользования (ВНИИТ)
|
| 801 |
|
1 |
|a RU
|b 63413507
|c 20180903
|
| 801 |
|
2 |
|a RU
|b 63413507
|c 20181229
|g RCR
|
| 942 |
|
|
|c BK
|